[Event "BrÃ¼hler SK 1 - SF Katernberg 2"]
[Site "NRW-Klasse, Gruppe 1 2016/201"]
[Date "2017.01.22"]
[Round "5.7"]
[White "Kueppers, Timo"]
[Black "Spilles, Matthias"]
[Result "1/2-1/2"]
[WhiteElo "2028"]
[BlackElo "2174"]
[Annotator "Daniel"]
[PlyCount "192"]
[EventDate "2017.??.??"]
[WhiteTeam "SF Katernberg 2"]
[BlackTeam "BrÃ¼hler SK 1"]

1. e4 e6 2. d4 d5 3. Nd2 Be7 4. Bd3 c5 5. dxc5 Nf6 6. Qe2 a5 7. Ngf3 O-O 8. O-O
Na6 9. e5 Nd7 10. c4 Naxc5 11. Bc2 b6 12. Nd4 Qc7 13. Re1 Qxe5 14. Qxe5 Nxe5
15. Rxe5 Bf6 16. f4 dxc4 17. Nxc4 Ba6 18. Nd2 Rfd8 19. N2f3 Rac8 20. Be3 Bxe5
21. fxe5 Nd3 22. Bxd3 Bxd3 23. a4 Rc4 24. Nb5 Rb4 25. Bxb6 Ra8 26. Bc5 Rxb2 27.
Bd4 Rb4 28. Bc3 Bxb5 29. axb5 Rxb5 30. Ra4 h6 31. Nd2 Rc5 32. Ne4 Rd5 33. Kf2
Kh7 34. Ke3 Kg6 35. Nd6 f5 36. Nb7 Rc8 37. Ra3 a4 38. Bd4 Rc4 39. Bc3 Re4+ 40.
Kf2 Rd3 41. Nc5 Rf4+ 42. Ke2 Rd5 43. Nxa4 Re4+ 44. Kf2 f4 45. Nb2 Rc5 46. Nd3
$11 Rcc4 47. Bd2 Kf5 48. Ra8 Red4 49. Rf8+ Ke4 50. Ke2 g5 51. Ne1 Ra4 52. Nf3
Rd7 53. h4 Ra2 54. hxg5 hxg5 55. Rg8 Raa7 56. Rg6 Rg7 57. Rxe6 g4 58. Ne1 Raf7
59. Ra6 f3+ 60. gxf3+ gxf3+ 61. Kf2 Rh7 62. e6 Rh2+ 63. Kf1 Rfh7 64. Ra4+ Kf5
65. Nxf3 Rh1+ 66. Ke2 R1h2+ 67. Nxh2 Rxh2+ 68. Kd3 Kxe6 69. Ra5 Rh4 70. Bc3 Kd6
71. Bd4 Ke6 72. Re5+ Kd6 73. Kc4 Rg4 74. Rh5 Rg6 75. Re5 Rg4 76. Ra5 Ke6 77.
Ra6+ Kf5 78. Kd5 Rg6 79. Ra8 Kg4 80. Ke4 Re6+ 81. Be5 Kg5 82. Ra1 Kg6 83. Rg1+
Kf7 84. Rg7+ Ke8 85. Ra7 Re7 86. Ra6 Kf7 87. Kf5 Rb7 88. Rh6 Rd7 89. Bd6 Kg7
90. Rg6+ Kf7 91. Rf6+ Kg7 92. Kg5 Rb7 93. Bf8+ Kg8 94. Kg6 Rg7+ 95. Kh5 Rf7 96.
Rxf7 Kxf7 1/2-1/2

[Event "BrÃ¼hler SK 1 - SF Katernberg 2"]
[Site "NRW-Klasse, Gruppe 1 2016/201"]
[Date "2017.01.22"]
[Round "5.8"]
[White "Gramb, Marius"]
[Black "Dette, Jan"]
[Result "1/2-1/2"]
[WhiteElo "2057"]
[BlackElo "1969"]
[PlyCount "66"]
[EventDate "2017.??.??"]
[WhiteTeam "BrÃ¼hler SK 1"]
[BlackTeam "SF Katernberg 2"]

1. d4 f5 2. g3 Nf6 3. Bg2 e6 4. Nf3 d5 5. O-O Bd6 6. c4 c6 7. Qc2 O-O 8. Nc3
Ne4 9. Rb1 a5 10. a3 Nxc3 11. Qxc3 a4 12. c5 Be7 13. Ne5 Bf6 14. Be3 Na6 15.
Rfd1 Nc7 16. Qc1 Nb5 17. Nf3 Bd7 18. Bg5 Be8 19. Bxf6 gxf6 20. Qd2 Bh5 21. Nh4
e5 22. Nxf5 Bg6 23. Bh3 Bxf5 24. Bxf5 Nxd4 25. Qd3 Qe7 26. Rbc1 Ra5 27. Rc3 Rb5
28. e3 Nf3+ 29. Kg2 e4 30. Qc2 Ra8 31. Bg4 Ne5 32. Be2 Rba5 33. Rc1 Kg7 1/2-1/2

[Event "SVG Plettenberg 1 - SF Neuenkirchen 1"]
[Site "NRW-Klasse, Gruppe 1 2016/201"]
[Date "2017.01.22"]
[Round "5.1"]
[White "Wilde, Pierre"]
[Black "Haub, Thorsten Michael"]
[Result "1/2-1/2"]
[WhiteElo "2228"]
[BlackElo "2391"]
[PlyCount "82"]
[EventDate "2017.??.??"]
[WhiteTeam "SF Neuenkirchen 1"]
[BlackTeam "SVG Plettenberg 1"]

1. c4 g6 2. g3 Bg7 3. Bg2 d6 4. Nc3 e5 5. e4 Ne7 6. Nge2 O-O 7. O-O c6 8. d4
Na6 9. Bg5 h6 10. Be3 f5 11. dxe5 dxe5 12. Qxd8 Rxd8 13. Rfd1 Rf8 14. f3 Be6
15. b3 f4 16. Bf2 g5 17. Rd6 Kf7 18. g4 Ng6 19. Rad1 Rfe8 20. Na4 Bf8 21. R6d3
Be7 22. Nec3 Nh4 23. Nb1 b6 24. Nbc3 Nxg2 25. Kxg2 Red8 26. Rxd8 Rxd8 27. Rxd8
Bxd8 28. Kf1 Be7 29. Ke2 Bc8 30. Nb2 Nc5 31. Nd3 Nxd3 32. Kxd3 Bd8 33. Ne2 a6
34. Be1 Bc7 35. Bc3 a5 36. Nc1 Ke6 37. Bb2 Bd6 38. Ne2 Ba6 39. Nc3 b5 40. Nb1
Bc7 41. Nd2 b4 1/2-1/2

[Event "SVG Plettenberg 1 - SF Neuenkirchen 1"]
[Site "NRW-Klasse, Gruppe 1 2016/201"]
[Date "2017.01.22"]
[Round "5.2"]
[White "Bosch, Jeroen"]
[Black "Buendgen, Achim"]
[Result "1-0"]
[WhiteElo "2353"]
[BlackElo "2161"]
[PlyCount "123"]
[EventDate "2017.??.??"]
[WhiteTeam "SVG Plettenberg 1"]
[BlackTeam "SF Neuenkirchen 1"]

1. d4 Nf6 2. Nf3 c5 3. d5 e6 4. Nc3 exd5 5. Nxd5 Nxd5 6. Qxd5 Be7 7. e4 Nc6 8.
Be2 O-O 9. O-O Nb4 10. Qd2 d5 11. exd5 Qxd5 12. c3 Qxd2 13. Bxd2 Nc6 14. Rfe1
a6 15. Bc4 Bd7 16. Bg5 Bxg5 17. Nxg5 b5 18. Bd5 Ra7 19. Rad1 Rc7 20. f3 h6 21.
Ne4 Nd8 22. Rd2 Be6 23. Red1 Bxd5 24. Rxd5 Nb7 25. Kf2 Rfc8 26. h4 Kf8 27. h5
Rc6 28. g4 Ke8 29. Re5+ Kf8 30. Rd7 R6c7 31. Ree7 Rxd7 32. Rxd7 Rb8 33. Rc7 c4
34. Ke3 Nd8 35. Ra7 Rb6 36. Nc5 Rc6 37. Nxa6 Re6+ 38. Kf2 Rd6 39. Ke2 Ne6 40.
Nc7 Nf4+ 41. Ke3 Ng2+ 42. Ke4 Rd2 43. Nxb5 Rxb2 44. Nd6 Re2+ 45. Kd4 Rd2+ 46.
Kc5 Rd3 47. Rxf7+ Kg8 48. Rc7 Rxc3 49. Nxc4 Rxf3 50. Rc8+ Kh7 51. a4 Nf4 52. a5
Ne6+ 53. Kd5 Rf6 54. a6 Nf4+ 55. Ke4 Rxa6 56. Kxf4 g6 57. Rc7+ Kg8 58. hxg6
Rxg6 59. Ne3 Ra6 60. Rd7 Ra4+ 61. Kf5 Ra5+ 62. Nd5 1-0

[Event "SVG Plettenberg 1 - SF Neuenkirchen 1"]
[Site "NRW-Klasse, Gruppe 1 2016/201"]
[Date "2017.01.22"]
[Round "5.3"]
[White "Haves, Reinhard"]
[Black "Klip, Hans"]
[Result "0-1"]
[WhiteElo "2102"]
[BlackElo "2311"]
[Annotator "Daniel"]
[PlyCount "136"]
[EventDate "2017.??.??"]
[WhiteTeam "SF Neuenkirchen 1"]
[BlackTeam "SVG Plettenberg 1"]

1. d4 f5 2. Nf3 Nf6 3. g3 g6 4. Bg2 Bg7 5. c4 O-O 6. O-O d6 7. Nc3 c6 8. b3 Qa5
9. Bd2 Qc7 10. Rc1 e5 11. c5 exd4 12. cxd6 Qxd6 13. Bf4 Qd8 14. Qxd4 Qxd4 15.
Nxd4 Nh5 16. Rfd1 Nxf4 17. gxf4 Na6 18. Na4 Rd8 19. Nf3 Be6 20. Ng5 Bd7 21. e3
Bf6 22. Bf1 b5 23. Nf3 Be8 24. Ne5 Rxd1 25. Rxd1 Rd8 26. Rc1 Rd6 27. Nc5 Nxc5
28. Rxc5 Rd2 29. Nxc6 Bh4 30. Bxb5 Bxf2+ 31. Kf1 Bxc6 32. Rxc6 Bxe3 33. Rc8+
Kg7 34. Rc7+ Kh6 35. Bc4 Rxh2 36. Bg8 Rf2+ 37. Ke1 Rxf4 38. Ke2 Bb6 39. Rxh7+
Kg5 40. a4 Rd4 41. Bc4 Re4+ 42. Kf1 Kg4 43. a5 Bd4 44. Rd7 Kg3 45. Bd5 Re5 46.
Bf7 Be3 47. Bxg6 Rxa5 48. Ke2 f4 49. Rg7 Rg5 50. Rg8 Bd4 51. Bf7 $11 f3+ 52.
Kf1 Bg7 53. Bc4 Kf4 54. Kf2 Bd4+ 55. Kf1 Re5 56. Rf8+ Ke3 57. Ke1 Ra5 58. Kd1
Ra1+ 59. Kc2 Ra2+ 60. Kb1 Rg2 61. Kc1 Be5 62. Rf7 a5 63. Rf5 Ke4 64. Rf7 Bf4+
65. Kb1 Rg1+ 66. Kc2 Rc1+ 67. Kb2 Rxc4 68. Re7+ Be5+ 0-1

[Event "SVG Plettenberg 1 - SF Neuenkirchen 1"]
[Site "NRW-Klasse, Gruppe 1 2016/201"]
[Date "2017.01.22"]
[Round "5.4"]
[White "Schulze, Marc"]
[Black "Vos, Thomas"]
[Result "1-0"]
[WhiteElo "2134"]
[BlackElo "2180"]
[PlyCount "101"]
[EventDate "2017.??.??"]
[WhiteTeam "SVG Plettenberg 1"]
[BlackTeam "SF Neuenkirchen 1"]

1. e4 Nc6 2. Nf3 d5 3. Nc3 Nf6 4. exd5 Nxd5 5. Bb5 Bg4 6. h3 Nxc3 7. bxc3 Bh5
8. Qe2 a6 9. Bc4 e6 10. Rb1 Bd6 11. Rxb7 O-O 12. g4 Bg6 13. Bd3 Ne7 14. Bxg6
Nxg6 15. d3 Rb8 16. Rb3 Rxb3 17. axb3 Qf6 18. d4 e5 19. d5 Bc5 20. Qe4 Nh4 21.
Ke2 Nxf3 22. Qxf3 Qg6 23. Qf5 Qd6 24. Qe4 f5 25. gxf5 Qd7 26. Be3 Bxe3 27. fxe3
Rxf5 28. c4 g6 29. h4 a5 30. Rg1 Qf7 31. Qg2 a4 32. bxa4 Qf8 33. Rf1 Rxf1 34.
Qxf1 Qb4 35. Kd3 Qxa4 36. Qh3 Qa3+ 37. Ke4 Qc5 38. Qe6+ Kf8 39. Kd3 Qa3+ 40. c3
Qc1 41. Qc8+ Kg7 42. Qxc7+ Kh6 43. Qxe5 Qd1+ 44. Ke4 Qe2 45. Kd4 Qd1+ 46. Kc5
Qa4 47. Qg5+ Kg7 48. Qe7+ Kh6 49. d6 Qa1 50. Kd5 Qxc3 51. Qg5+ 1-0

[Event "SVG Plettenberg 1 - SF Neuenkirchen 1"]
[Site "NRW-Klasse, Gruppe 1 2016/201"]
[Date "2017.01.22"]
[Round "5.5"]
[White "Seegers, Hendrik"]
[Black "Bouaraba, Max"]
[Result "1-0"]
[WhiteElo "2132"]
[BlackElo "2185"]
[PlyCount "79"]
[EventDate "2017.??.??"]
[WhiteTeam "SF Neuenkirchen 1"]
[BlackTeam "SVG Plettenberg 1"]

1. d4 Nf6 2. Nf3 e6 3. Bf4 Bd6 4. Bxd6 cxd6 5. Nbd2 d5 6. e3 O-O 7. Bd3 Nc6 8.
O-O d6 9. c3 e5 10. e4 exd4 11. Nxd4 Nxd4 12. cxd4 Qb6 13. e5 dxe5 14. dxe5 Ng4
15. h3 Nxe5 16. Nb3 Nxd3 17. Qxd3 Be6 18. Qd4 Qxd4 19. Nxd4 Rac8 20. Rfe1 Rfe8
21. Re5 Kf8 22. f4 g6 23. Kf2 Rc4 24. Rd1 a6 25. g4 Ke7 26. b3 Rc5 27. f5 Kd6
28. Rde1 Rc1 29. R1e2 Rd1 30. Nf3 d4 31. fxe6 Rxe6 32. Rxe6+ fxe6 33. Ng5 e5
34. Nf7+ Ke6 35. Nxe5 Kd5 36. Nf3 d3 37. Re7 Ra1 38. Rxb7 Rxa2+ 39. Ke3 Rb2 40.
Nd2 1-0

[Event "SVG Plettenberg 1 - SF Neuenkirchen 1"]
[Site "NRW-Klasse, Gruppe 1 2016/201"]
[Date "2017.01.22"]
[Round "5.6"]
[White "Pieper, Dawid"]
[Black "Rieke, Theo"]
[Result "1/2-1/2"]
[WhiteElo "2157"]
[BlackElo "1940"]
[PlyCount "100"]
[EventDate "2017.??.??"]
[WhiteTeam "SVG Plettenberg 1"]
[BlackTeam "SF Neuenkirchen 1"]

1. e4 e5 2. Nf3 Nc6 3. Nc3 Nf6 4. Bb5 d6 5. d4 Bd7 6. O-O Be7 7. h3 O-O 8. d5
Nb8 9. Bxd7 Nbxd7 10. Be3 Re8 11. a4 Nc5 12. Nd2 a5 13. Bxc5 dxc5 14. Nc4 Bd6
15. Qe2 Nd7 16. Ra3 Nf8 17. Rb3 b6 18. Nb5 Rb8 19. Qg4 Ng6 20. g3 Bf8 21. Rd1
Bd6 22. Kg2 Nf8 23. Na7 Qf6 24. Nc6 Ra8 25. Rdd3 Ra6 26. Rb5 Qg6 27. Qe2 Nd7
28. Rf3 Raa8 29. Rf5 f6 30. h4 Qf7 31. Ne3 g6 32. Rf3 Kg7 33. g4 h6 34. c4 Rh8
35. Rb3 Qe8 36. Rh3 h5 37. gxh5 Rxh5 38. Qg4 Kh7 39. Rc3 Qf7 40. Rc1 f5 41. Qf3
Re8 42. Re1 Nf6 43. exf5 e4 44. Qd1 gxf5 45. Kh1 f4 46. Ng4 Nxg4 47. Qxg4 Rg8
48. Qe6 Qg7 49. Qxe4+ Kh8 50. Qf3 Qg4 1/2-1/2

[Event "SVG Plettenberg 1 - SF Neuenkirchen 1"]
[Site "NRW-Klasse, Gruppe 1 2016/201"]
[Date "2017.01.22"]
[Round "5.7"]
[White "Scho, Christian"]
[Black "Jansen, Dirk Norbert"]
[Result "0-1"]
[WhiteElo "2072"]
[BlackElo "2132"]
[PlyCount "68"]
[EventDate "2017.??.??"]
[WhiteTeam "SF Neuenkirchen 1"]
[BlackTeam "SVG Plettenberg 1"]

1. Nf3 f5 2. g3 Nf6 3. Bg2 g6 4. c4 Bg7 5. Nc3 O-O 6. O-O d6 7. b4 Nc6 8. b5
Na5 9. Qa4 c6 10. bxc6 bxc6 11. Rb1 Bd7 12. d3 Qc7 13. Bd2 Nb7 14. Rfc1 e5 15.
Qa3 h6 16. Rc2 e4 17. Ne1 Nc5 18. Bf4 g5 19. Be3 exd3 20. exd3 Ne6 21. Rcb2 f4
22. Rb7 Qc8 23. Bd2 Nc5 24. Rxa7 Rxa7 25. Qxa7 Ng4 26. Nf3 fxg3 27. fxg3 Qe8
28. Re1 Qg6 29. Ne4 Nxd3 30. Re2 Bf5 31. Nd4 Nc5 32. Nxf5 Qxf5 33. h3 Bd4+ 34.
Kh1 Qf1+ 0-1

[Event "SVG Plettenberg 1 - SF Neuenkirchen 1"]
[Site "NRW-Klasse, Gruppe 1 2016/201"]
[Date "2017.01.22"]
[Round "5.8"]
[White "Maniocha, Marek"]
[Black "Beckmann, Klaus"]
[Result "1/2-1/2"]
[WhiteElo "1862"]
[BlackElo "2083"]
[PlyCount "106"]
[EventDate "2017.??.??"]
[WhiteTeam "SVG Plettenberg 1"]
[BlackTeam "SF Neuenkirchen 1"]

1. d4 Nf6 2. c4 e6 3. Nc3 d5 4. e3 Be7 5. Nf3 O-O 6. Be2 b6 7. cxd5 exd5 8. O-O
Bb7 9. Ne5 Nbd7 10. f4 a6 11. Bd3 Ne4 12. Nxe4 dxe4 13. Be2 c5 14. Qb3 cxd4 15.
exd4 Nf6 16. Be3 Bd5 17. Qd1 b5 18. a4 Qb6 19. axb5 axb5 20. Qd2 h6 21. h3 Rfc8
22. Kh2 Bd6 23. Rfc1 Rd8 24. Rxa8 Rxa8 25. Qc3 b4 26. Qd2 Qb7 27. Qc2 b3 28.
Qd1 Ra2 29. Rb1 Qc7 30. Rc1 Qb7 31. Rb1 Qb8 32. Qc1 Qc7 33. Qf1 Qc2 34. Nc4
Bxc4 35. Bxc4 g5 36. Rc1 Qxb2 37. Rb1 Qc3 38. Rxb3 Qa5 39. Rb5 Qa3 40. Bxa2
Qxa2 41. Kh1 Nh5 42. Qe1 Qc4 43. Rf5 Qd3 44. Rd5 Bxf4 45. Bxf4 Nxf4 46. Rd8+
Kh7 47. Re8 Ne6 48. Qf2 Kg7 49. Re7 Qb1+ 50. Kh2 Qb8+ 51. Qg3 Qxg3+ 52. Kxg3
Nxd4 53. Rxe4 Ne6 1/2-1/2

[Event "Bielefelder SK 1 - PSV Duisburg 1"]
[Site "NRW-Klasse, Gruppe 1 2016/201"]
[Date "2017.01.22"]
[Round "5.1"]
[White "Wengenroth, Walter"]
[Black "Forchert, Martin"]
[Result "1/2-1/2"]
[WhiteElo "2213"]
[BlackElo "2262"]
[PlyCount "93"]
[EventDate "2017.??.??"]
[WhiteTeam "PSV Duisburg 1"]
[BlackTeam "Bielefelder SK 1"]

1. e4 Nf6 2. e5 Nd5 3. d4 d6 4. Nf3 g6 5. Bc4 c6 6. exd6 Qxd6 7. O-O Bg7 8.
Nbd2 O-O 9. c3 Bg4 10. h3 Bxf3 11. Qxf3 Nd7 12. Bb3 e6 13. Re1 a5 14. a4 Qc7
15. h4 Rfe8 16. Ne4 e5 17. Bxd5 cxd5 18. Ng5 Nb6 19. dxe5 f6 20. Nh3 fxe5 21.
Be3 Rad8 22. Bxb6 Qxb6 23. h5 e4 24. Qe2 Rf8 25. Rad1 Rf5 26. c4 Qxb2 27. hxg6
hxg6 28. Qxb2 Bxb2 29. Rxe4 Bf6 30. cxd5 Rfxd5 31. Rxd5 Rxd5 32. Nf4 Rd1+ 33.
Kh2 Rd4 34. Rxd4 Bxd4 35. Nxg6 Kf7 36. Nf4 Bxf2 37. Nd3 Bd4 38. Kg3 Ke6 39. Kf3
Kd5 40. g4 Kc4 41. Ke4 Bf6 42. Ne5+ Kb3 43. Nd7 Be7 44. g5 Bxg5 45. Nc5+ Kb4
46. Nxb7 Kxa4 47. Nxa5 1/2-1/2

[Event "Bielefelder SK 1 - PSV Duisburg 1"]
[Site "NRW-Klasse, Gruppe 1 2016/201"]
[Date "2017.01.22"]
[Round "5.3"]
[White "Sirringhaus, Wilfried"]
[Black "Kruse, Herbert"]
[Result "0-1"]
[WhiteElo "2114"]
[BlackElo "2145"]
[PlyCount "64"]
[EventDate "2017.??.??"]
[WhiteTeam "PSV Duisburg 1"]
[BlackTeam "Bielefelder SK 1"]

1. e4 c5 2. Nf3 d6 3. c3 Nf6 4. Bc4 Nc6 5. d4 cxd4 6. cxd4 Nxe4 7. d5 Ne5 8.
Nxe5 dxe5 9. O-O Nd6 10. Re1 f6 11. f4 Qa5 12. Bd3 Bg4 13. Be2 Bxe2 14. Rxe2 e4
15. f5 g6 16. Bf4 gxf5 17. Re3 h5 18. Nd2 Qxd5 19. Bxd6 Qxd6 20. Qa4+ Qc6 21.
Qxc6+ bxc6 22. Nb3 Rd8 23. Rc3 Rd6 24. Na5 Kd7 25. Rf1 e6 26. b4 Rd3 27. Rc4 e3
28. Nxc6 e2 29. Re1 Rd1 30. Kf2 Bd6 31. Rxe2 Bxh2 32. Nd4 Bg1+ 0-1

[Event "Bielefelder SK 1 - PSV Duisburg 1"]
[Site "NRW-Klasse, Gruppe 1 2016/201"]
[Date "2017.01.22"]
[Round "5.4"]
[White "Simon, Hans Christian"]
[Black "Sponheim, Marko"]
[Result "1-0"]
[WhiteElo "2151"]
[BlackElo "1989"]
[PlyCount "85"]
[EventDate "2017.??.??"]
[WhiteTeam "Bielefelder SK 1"]
[BlackTeam "PSV Duisburg 1"]

1. Nf3 c5 2. c4 Nf6 3. Nc3 d5 4. cxd5 Nxd5 5. d4 Nxc3 6. bxc3 cxd4 7. cxd4 e5
8. e3 exd4 9. Qxd4 Qxd4 10. Nxd4 Bb4+ 11. Bd2 Bxd2+ 12. Kxd2 a6 13. Be2 O-O 14.
Rhc1 Rd8 15. Bf3 Nc6 16. Bxc6 bxc6 17. Ke1 Rd7 18. f3 Bb7 19. Rab1 Re8 20. Kf2
Rc8 21. Nxc6 g6 22. Rxb7 Rxb7 23. Ne7+ Rxe7 24. Rxc8+ Kg7 25. Rc6 Ra7 26. a4 a5
27. Rc5 Kf6 28. e4 Ke6 29. Ke3 Kd6 30. Rb5 Ra6 31. g4 f6 32. h4 h6 33. Kd4 g5
34. h5 Ke6 35. Ke3 Kd6 36. f4 Ke6 37. f5+ Kd6 38. Kd4 Ra8 39. e5+ fxe5+ 40.
Rxe5 Rb8 41. Rb5 Ra8 42. Rb6+ Ke7 43. Rxh6 1-0

[Event "Bielefelder SK 1 - PSV Duisburg 1"]
[Site "NRW-Klasse, Gruppe 1 2016/201"]
[Date "2017.01.22"]
[Round "5.5"]
[White "Brueggemann, Josef"]
[Black "Goeßling, Guido"]
[Result "0-1"]
[WhiteElo "1945"]
[BlackElo "2075"]
[PlyCount "86"]
[EventDate "2017.??.??"]
[WhiteTeam "PSV Duisburg 1"]
[BlackTeam "Bielefelder SK 1"]

1. e4 e5 2. Nf3 Nc6 3. Bc4 Bc5 4. d3 Nf6 5. Nc3 d6 6. a3 Be6 7. Nd5 Bxd5 8.
exd5 Ne7 9. Bg5 Ng6 10. b4 Bb6 11. Bb5+ Kf8 12. O-O h6 13. Bxf6 Qxf6 14. g3 Ne7
15. c4 g5 16. Kg2 Kg7 17. Qe2 a6 18. Ba4 Ba7 19. Nd2 Nf5 20. Ne4 Qg6 21. Kh1
Nd4 22. Qd1 f5 23. Nc3 g4 24. Ne2 h5 25. c5 Nf3 26. d4 h4 27. Ng1 Nxh2 28. Re1
hxg3 29. Kg2 gxf2 30. Kxf2 Qg5 31. Ke2 e4 32. Qd2 Kf6 33. Qxg5+ Kxg5 34. Ke3
Rh7 35. Re2 Rah8 36. Rg2 Re7 37. Re1 f4+ 38. Kd2 f3 39. Rf2 Rhh7 40. Bc2 g3 41.
Rxf3 Nxf3+ 42. Nxf3+ exf3 43. Bxh7 Rxh7 0-1

[Event "Bielefelder SK 1 - PSV Duisburg 1"]
[Site "NRW-Klasse, Gruppe 1 2016/201"]
[Date "2017.01.22"]
[Round "5.6"]
[White "Roemhild, Marcus"]
[Black "Spitzer, Erwin"]
[Result "1/2-1/2"]
[WhiteElo "2012"]
[BlackElo "1892"]
[PlyCount "82"]
[EventDate "2017.??.??"]
[WhiteTeam "Bielefelder SK 1"]
[BlackTeam "PSV Duisburg 1"]

1. c4 e5 2. g3 d6 3. Nc3 c6 4. Bg2 Be6 5. b3 Nf6 6. d4 Be7 7. Nf3 Nbd7 8. O-O
h6 9. d5 cxd5 10. cxd5 Bg4 11. Nd2 O-O 12. Bb2 Nb6 13. a4 Qd7 14. a5 Nc8 15.
Nc4 Bh3 16. e4 Bxg2 17. Kxg2 b5 18. axb6 Nxb6 19. Na5 Nh7 20. Bc1 Bf6 21. Be3
Ng5 22. Bxg5 hxg5 23. Qd3 Nc8 24. Rfc1 Bd8 25. Nc6 g6 26. h3 f5 27. f3 Rf7 28.
b4 Bb6 29. Na4 Bc7 30. Ra2 Kg7 31. b5 Nb6 32. Nc3 Rh8 33. Rh1 Bb8 34. Qd2 f4
35. g4 Kf6 36. Qd3 Qb7 37. Nd1 Nc8 38. Qa3 Bc7 39. Nxa7 Nxa7 40. Qxa7 Qxb5 41.
Rb2 Qa5 1/2-1/2

[Event "Bielefelder SK 1 - PSV Duisburg 1"]
[Site "NRW-Klasse, Gruppe 1 2016/201"]
[Date "2017.01.22"]
[Round "5.7"]
[White "Kilkowski, Michael"]
[Black "Gruettemeier, Uwe"]
[Result "1/2-1/2"]
[WhiteElo "1851"]
[BlackElo "2003"]
[PlyCount "72"]
[EventDate "2017.??.??"]
[WhiteTeam "PSV Duisburg 1"]
[BlackTeam "Bielefelder SK 1"]

1. d4 c6 2. e4 d5 3. e5 c5 4. c3 Nc6 5. Nf3 Bg4 6. Be2 e6 7. O-O Bxf3 8. Bxf3
cxd4 9. cxd4 Qb6 10. Be3 Qxb2 11. Nd2 Bb4 12. Nb3 Qa3 13. Be2 Qa4 14. Qd3 Ba3
15. f4 Nge7 16. Rf3 Nf5 17. Bf2 h5 18. Rh3 O-O-O 19. Rxh5 Rxh5 20. Bxh5 Qc4 21.
Qd1 g6 22. Be2 Qc3 23. g4 Ne3 24. Qe1 Qxe1+ 25. Rxe1 Nc2 26. Rd1 b6 27. Bd3
N2b4 28. Bb1 Kb7 29. h4 a5 30. Be3 a4 31. Nc1 Na5 32. f5 gxf5 33. gxf5 Rg8+ 34.
Kf2 Nc4 35. Bg5 Nc6 36. Ne2 Bb2 1/2-1/2

[Event "Bielefelder SK 1 - PSV Duisburg 1"]
[Site "NRW-Klasse, Gruppe 1 2016/201"]
[Date "2017.01.22"]
[Round "5.8"]
[White "Danielmeier, Ralf"]
[Black "Wittsiepe, Richard"]
[Result "1-0"]
[WhiteElo "1986"]
[BlackElo "1836"]
[PlyCount "57"]
[EventDate "2017.??.??"]
[WhiteTeam "Bielefelder SK 1"]
[BlackTeam "PSV Duisburg 1"]

1. e4 d6 2. d4 Nf6 3. Nc3 g6 4. g3 Bg7 5. Bg2 O-O 6. Nge2 Nbd7 7. h3 e5 8. Be3
Re8 9. O-O exd4 10. Bxd4 Ne5 11. f4 Nc6 12. Bf2 Be6 13. b3 Nd7 14. Qd2 Nb6 15.
Rad1 Qd7 16. Kh2 Rad8 17. Nd4 f6 18. Nxe6 Rxe6 19. Nd5 Kh8 20. a4 Rde8 21. a5
Nc8 22. c4 N8e7 23. Nxe7 Qxe7 24. b4 f5 25. b5 fxe4 26. bxc6 e3 27. Bxe3 Rxe3
28. cxb7 Re2 29. Rde1 1-0

[Event "SG Ennepe-Ruhr-SÃ¼d 1 - Oberhausener SV"]
[Site "Oberliga NRW 2016/2017"]
[Date "2017.01.22"]
[Round "5.1"]
[White "Hort, Vlastimil"]
[Black "Lupor, Stefan"]
[Result "1/2-1/2"]
[WhiteElo "2369"]
[BlackElo "2283"]
[PlyCount "20"]
[EventDate "2017.??.??"]
[WhiteTeam "Oberhausener SV 1"]
[BlackTeam "SG Ennepe-Ruhr-SÃ¼d 1"]

1. d4 d5 2. c4 c6 3. Nf3 Nf6 4. Qc2 dxc4 5. Qxc4 Bg4 6. Nbd2 e6 7. g3 Nbd7 8.
Bg2 Be7 9. O-O O-O 10. Re1 Bh5 1/2-1/2

[Event "SG Ennepe-Ruhr-SÃ¼d 1 - Oberhausener SV"]
[Site "Oberliga NRW 2016/2017"]
[Date "2017.01.22"]
[Round "5.2"]
[White "Lupor, André"]
[Black "Becker, Marcel"]
[Result "1-0"]
[WhiteElo "2189"]
[BlackElo "2336"]
[PlyCount "33"]
[EventDate "2017.??.??"]
[WhiteTeam "SG Ennepe-Ruhr-SÃ¼d 1"]
[BlackTeam "Oberhausener SV 1"]

1. d4 d5 2. c4 c6 3. Nf3 Nf6 4. Nc3 dxc4 5. a4 Bf5 6. Ne5 Nbd7 7. Nxc4 Qc7 8.
g3 e5 9. dxe5 Nxe5 10. Bf4 Nfd7 11. Bg2 f6 12. O-O O-O-O 13. Rc1 g5 14. Nb5 Nc5
15. Nxc7 Rxd1 16. Rfxd1 gxf4 17. Ne8 1-0

[Event "SG Ennepe-Ruhr-SÃ¼d 1 - Oberhausener SV"]
[Site "Oberliga NRW 2016/2017"]
[Date "2017.01.22"]
[Round "5.3"]
[White "Litwak, Aleksej"]
[Black "Arndt, Stefan"]
[Result "1/2-1/2"]
[WhiteElo "2280"]
[BlackElo "2116"]
[PlyCount "44"]
[EventDate "2017.??.??"]
[WhiteTeam "Oberhausener SV 1"]
[BlackTeam "SG Ennepe-Ruhr-SÃ¼d 1"]

1. e4 e5 2. Nf3 Nc6 3. Bb5 a6 4. Bxc6 bxc6 5. O-O d6 6. d4 exd4 7. Nxd4 Qd7 8.
Nc3 g6 9. Re1 Bg7 10. Bf4 c5 11. Nf3 Ne7 12. Nd5 O-O 13. e5 dxe5 14. Nxe7+ Qxe7
15. Bxe5 Bxe5 16. Rxe5 Qd6 17. Qxd6 cxd6 18. Rd5 Rd8 19. Rad1 Be6 20. Rxd6 Rxd6
21. Rxd6 Bxa2 22. Kf1 Rb8 1/2-1/2

[Event "SG Ennepe-Ruhr-SÃ¼d 1 - Oberhausener SV"]
[Site "Oberliga NRW 2016/2017"]
[Date "2017.01.22"]
[Round "5.4"]
[White "Tripolsky, Eugen"]
[Black "Kaufeld, Juergen"]
[Result "1/2-1/2"]
[WhiteElo "2195"]
[BlackElo "2264"]
[PlyCount "72"]
[EventDate "2017.??.??"]
[WhiteTeam "SG Ennepe-Ruhr-SÃ¼d 1"]
[BlackTeam "Oberhausener SV 1"]

1. c4 Nf6 2. Nc3 e6 3. e4 d5 4. e5 d4 5. exf6 dxc3 6. bxc3 Qxf6 7. Nf3 e5 8. d4
exd4 9. Bg5 Qe6+ 10. Be2 Be7 11. Nxd4 Qd7 12. Bxe7 Qxe7 13. O-O O-O 14. Bf3 c6
15. Re1 Qc5 16. Qe2 Nd7 17. Nb3 Qa3 18. Qe7 Qxe7 19. Rxe7 Nb6 20. Na5 Rb8 21.
a4 Rd8 22. c5 Kf8 23. Re2 Nd7 24. Rb2 Re8 25. h3 Re5 26. Rd1 Rxc5 27. Nxc6 Ra8
28. Nd8 Nb6 29. Nxb7 Bxb7 30. Bxb7 Rb8 31. Bf3 Rbc8 32. c4 Nxa4 33. Rb7 R8c7
34. Rd7 Rxd7 35. Rxd7 Nb6 36. Rxa7 Nxc4 1/2-1/2

[Event "SG Ennepe-Ruhr-SÃ¼d 1 - Oberhausener SV"]
[Site "Oberliga NRW 2016/2017"]
[Date "2017.01.22"]
[Round "5.5"]
[White "Kummerow, Heiko"]
[Black "Heller, Achim"]
[Result "1-0"]
[WhiteElo "2165"]
[BlackElo "2055"]
[PlyCount "121"]
[EventDate "2017.??.??"]
[WhiteTeam "Oberhausener SV 1"]
[BlackTeam "SG Ennepe-Ruhr-SÃ¼d 1"]

1. e4 c6 2. d4 d5 3. Nc3 dxe4 4. Nxe4 Bf5 5. Ng3 Bg6 6. Bc4 e6 7. Nh3 Bd6 8.
O-O Nd7 9. f4 Nh6 10. c3 O-O 11. Ng5 Nf5 12. Nxf5 exf5 13. Qc2 Nf6 14. Kh1 Rc8
15. b4 b6 16. Bd2 Re8 17. Qb3 Qc7 18. Rae1 Rxe1 19. Rxe1 b5 20. Bd3 Bxf4 21.
Qc2 Bxh2 22. Bxf5 Bg3 23. Re2 Bf4 24. Bxg6 hxg6 25. Bxf4 Qxf4 26. Nf3 Ng4 27.
Kg1 Kf8 28. Re4 Qf5 29. Nh4 Qg5 30. Nf3 Qf5 31. Nh4 Qd7 32. Qe2 Nf6 33. Re5 Re8
34. Qf3 Qd6 35. Qf4 Rxe5 36. dxe5 Qd1+ 37. Kh2 Qg4 38. Qf2 Ne4 39. Qe1 Qf4+ 40.
Kg1 Qxe5 41. Nf3 Qd5 42. Qh4 Kg8 43. Qe7 Nf6 44. Qxa7 Qd1+ 45. Kh2 Qd6+ 46. Kg1
g5 47. Nd4 Ng4 48. Qa8+ Kh7 49. Qxc6 Qf4 50. Qf3 Qc1+ 51. Qf1 Qe3+ 52. Kh1 Nf2+
53. Kg1 Ng4+ 54. Kh1 Qg3 55. Qf5+ Kh6 56. Nf3 f6 57. Qc8 Kh7 58. Qf5+ Kh6 59.
Qc8 Nf2+ 60. Kg1 Nh3+ 61. Qxh3+ 1-0

[Event "SG Ennepe-Ruhr-SÃ¼d 1 - Oberhausener SV"]
[Site "Oberliga NRW 2016/2017"]
[Date "2017.01.22"]
[Round "5.6"]
[White "Osswald, Luis Monty"]
[Black "Stillger, Bernhard"]
[Result "1/2-1/2"]
[WhiteElo "2094"]
[BlackElo "2271"]
[PlyCount "43"]
[EventDate "2017.??.??"]
[WhiteTeam "SG Ennepe-Ruhr-SÃ¼d 1"]
[BlackTeam "Oberhausener SV 1"]

1. e4 c5 2. Nf3 d6 3. d4 cxd4 4. Nxd4 Nf6 5. Nc3 a6 6. Rg1 e5 7. Nb3 Be6 8. g4
d5 9. exd5 Nxd5 10. Nxd5 Qxd5 11. Qxd5 Bxd5 12. Be3 Nc6 13. O-O-O O-O-O 14. Bb6
Rd6 15. Rg3 Be7 16. Rc3 Bxb3 17. Rxd6 Bxd6 18. axb3 Bc7 19. Bxc7 Kxc7 20. Rf3
f6 21. c3 Rd8 22. Bd3 1/2-1/2